000 00636nam a22002537a 4500
003 OSt
005 20140310182950.0
008 130206t xxu||||| |||| 00| 0 eng d
020 _a9789712346965
050 _aG126
_b.D885 2007
082 _aFIL 910
_b.D88 2007
245 _aWorld geography
_cDuka, Cecilio D.
250 _arev. ed.
260 _aManila
_bRex Bookstore
_c2007
300 _aviii , 163 p.
_c22.2 cm.
_bill. , maps
521 _acollege students
526 _c1210L-1700L
541 _j1
541 _j2
541 _j3
541 _j4
562 _e4
942 _2lcc
_cBK
_kFIL
999 _c17895
_d17895